10 most populous countries in Europe - Statistics

General Stats
  • This quiz has been taken 69 times
  • The average score is 9 of 10
Answers on the Map
Answers color-coded by a green-red scale on the quiz's map according to % correct below.
 
Answer Stats
Answer % Correct
Russia
100%
Germany
96%
United Kingdom
96%
France
95%
Italy
95%
Spain
93%
Ukraine
88%
Poland
86%
Romania
84%
Netherlands
73%
No matching quizzes found
Score Distribution
Percent of People with Each Score
Percentile by Number Answered
Your Score History
You have not taken this quiz